40 Capital Cities Closest to country's Geographical Center - Statistics

General Stats
  • This quiz has been taken 218 times
    201 since last reset
  • The average score is 12 of 40
Answer Stats
D (km) ANSWER % Correct
0.3 Vatican City
84%
1.3 Monaco
68%
1.7 San Marino
62%
22.2 Luxembourg
61%
26.5 Madrid
52%
10.1 Singapore
52%
1.9 Andorra La Vella
45%
13.9 Vaduz
45%
9.6 Valletta
40%
39.6 Brussels
34%
10.8 Doha
31%
10.4 Kingstown
31%
8.8 Saint John's
31%
24 Manama
28%
16.5 Nicosia
28%
4.9 Basseterre
27%
11.6 Bridgetown
26%
41.8 Djibouti
26%
16.7 San Jose
25%
16.9 Pristina
24%
2.1 Yaren
24%
13.1 Castries
23%
11.1 Saint George's
23%
39.2 Jerusalem
21%
31.1 Kuwait City
21%
41.6 Podgorica
21%
14.4 Port Louis
21%
37.3 Port-of-Spain
21%
14 Roseau
21%
25.9 Belmopan
19%
13.9 Kigali
19%
40 Ljubljana
19%
24.3 Victoria
18%
13.6 Melekeok
17%
9.8 Palikir
17%
26.6 Chisinau
15%
11.5 Dhaka
14%
10.1 Tarawa
14%
11 Ouagadougou
8%
27.3 Asmara
6%
No matching quizzes found
Score Distribution
Percent of People with Each Score
Percentile by Number Answered
Your Score History
You have not taken this quiz since the last reset